00916nam a22002897a 450000500170000000800410001701000100005801100100006803500100007808200180008810000400010624500510014625000090019726000370020630000100024350000130025359000410026659000410030759000410034859000420038965000220043165000250045390100070047894900650048594900590055099900170060920220817043056.0971010s1989 r 00010 d a64823 a65795 a73182 a634bC34 198900aCalderón Alcaraz, Esteban.917368 aFruticultura generalb: el esfuerzo del hombre a3 ed aMéxico, D. F. :bLimusa,c1989 a763 p a1992/169 aBATCH-UPDb10c20130110lUCH01h2003 aBATCH-UPDb10c20130410lUCH01h1323 aBATCH-UPDb10c20130914lUCH01h1448 aCONVERSIONb10c20130109lUCH01h133514aArboles frutales.14aFruticultura.943684 aBK a634 C34 1989bDCFcLIBROd-59503eLIBROfc.2h3907i73182si a634 C34 1989bDCFcLIBROd-5954eLIBROh4018i73182si c64823d64823